QWERTY - 30 Second Sprint - Statistics

General Stats
  • This quiz has been taken 88 times
  • The average score is 78 of 180
Answer Stats
Hits % Correct
1
100%
2
96%
3
96%
4
94%
5
90%
6
90%
7
85%
8
85%
9
83%
10
81%
11
81%
12
81%
14
79%
15
79%
13
77%
16
77%
17
75%
18
75%
19
75%
20
75%
21
75%
22
75%
23
75%
24
75%
25
75%
26
75%
27
75%
28
73%
29
73%
30
73%
31
73%
32
73%
33
71%
34
71%
35
71%
36
67%
37
67%
38
67%
39
67%
40
67%
41
67%
42
67%
43
67%
44
67%
45
67%
46
67%
47
67%
48
65%
49
65%
50
65%
51
65%
52
65%
53
65%
54
65%
55
65%
56
65%
57
65%
58
65%
59
65%
60
65%
61
63%
62
63%
63
63%
64
63%
65
63%
66
60%
67
58%
68
58%
69
58%
70
58%
71
58%
72
58%
73
54%
74
54%
75
52%
76
52%
77
50%
78
50%
79
50%
80
50%
81
46%
82
46%
83
46%
84
46%
85
44%
86
44%
87
44%
88
44%
89
44%
90
42%
91
42%
92
42%
93
42%
94
42%
95
42%
96
42%
100
40%
101
40%
97
40%
98
40%
99
40%
102
38%
103
38%
104
38%
105
38%
106
33%
107
33%
108
31%
109
29%
110
29%
111
29%
112
29%
113
29%
114
29%
117
25%
115
23%
116
23%
118
21%
119
21%
120
21%
121
21%
122
19%
123
17%
124
17%
125
17%
126
15%
127
15%
128
15%
129
15%
130
15%
131
15%
132
15%
133
13%
134
13%
135
13%
136
13%
137
13%
138
13%
139
13%
140
13%
141
13%
142
13%
143
13%
144
13%
145
13%
146
13%
147
13%
148
13%
149
13%
150
13%
151
13%
152
13%
153
13%
154
13%
155
13%
156
13%
157
13%
158
13%
159
13%
160
13%
161
13%
162
13%
163
13%
164
13%
165
13%
166
13%
167
13%
168
13%
169
13%
170
13%
171
13%
172
13%
173
13%
174
13%
175
13%
176
13%
177
13%
178
13%
179
13%
180
13%
No matching quizzes found
Score Distribution
Percent of People with Each Score
Percentile by Number Answered
Your Score History
You have not taken this quiz